all Nadin Amizah song (indonesian singer) - Statistics

General Stats
  • This quiz has been taken 29 times
  • The average score is 22 of 42
Answer Stats
album song % Correct
rayuan perempuan gila
79%
semua aku dirayakan
79%
featuring Sal priadi amin paling serius
75%
nadin amizah
71%
sorai
71%
ah
67%
berpayung tuhan
67%
paman tua
67%
bertaut
63%
bunga tidur
63%
untuk dunia, cinta, dan kotornya jangan ditelan
63%
mendarah
63%
dan selesai
58%
di akhir perang
58%
kekal
58%
single rumpang
58%
star
58%
star stripped down
58%
tapi diterima
58%
featuring hindia forgot password
54%
hormat kepada angin
54%
kanyaah
54%
kereta ini melaju terlalu cepat
54%
seperti tulang
54%
menangis di jalan pulang
50%
featuring kunto aji selaras
50%
taruh
50%
tawa
50%
beranjak dewasa
46%
cermin
46%
kalah bertaruh sebuah tarian yang tak kunjung selesai
46%
sorak sorai
46%
selamat ulang tahun intro
38%
featuring iwan fals untukmu
38%
featuring idgitaf, feby putri, vina panduwinata negeriku
33%
reflection
33%
seperti takdir yang kita tulis
33%
featuring dipha barus all good
29%
featuring dipha barus all good acoustic version
29%
featuring adera beauty and the beast
25%
featuring matter halo teralih
25%
movie soundtrack kala sang surya tenggelam
17%
No matching quizzes found
Score Distribution
Percent of People with Each Score
Percentile by Number Answered
Your Score History
You have not taken this quiz